Grids / (Record no. 353011)
[ view plain ]
| 000 -LEADER | |
|---|---|
| fixed length control field | 00845 a2200253 4500 |
| 003 - CONTROL NUMBER IDENTIFIER | |
| control field | OSt |
| 005 - DATE AND TIME OF LATEST TRANSACTION | |
| control field | 20180116192353.0 |
| 008 - FIXED-LENGTH DATA ELEMENTS--GENERAL INFORMATION | |
| fixed length control field | 120531t xxu||||| |||| 00| 0 eng d |
| 020 ## - INTERNATIONAL STANDARD BOOK NUMBER | |
| International Standard Book Number | 9782940373772 (pbk.) |
| 020 ## - INTERNATIONAL STANDARD BOOK NUMBER | |
| International Standard Book Number | 2940373779 (pbk.) |
| 040 ## - CATALOGING SOURCE | |
| Transcribing agency | 0 |
| 082 ## - DEWEY DECIMAL CLASSIFICATION NUMBER | |
| Classification number | 686.2252 |
| 100 ## - MAIN ENTRY--PERSONAL NAME | |
| Personal name | Ambrose, Gavin. |
| 9 (RLIN) | 3180 |
| 245 10 - TITLE STATEMENT | |
| Title | Grids / |
| Statement of responsibility, etc. | Ambrose/Harris. |
| 260 ## - PUBLICATION, DISTRIBUTION, ETC. | |
| Place of publication, distribution, etc. | Lausanne : |
| Name of publisher, distributor, etc. | AVA Academia, |
| Date of publication, distribution, etc. | c2008. |
| 300 ## - PHYSICAL DESCRIPTION | |
| Extent | 176 p. : |
| Other physical details | ill. (chiefly col.) ; |
| Dimensions | 24 cm. |
| 490 0# - SERIES STATEMENT | |
| Series statement | Basics design . |
| Volume/sequential designation | 07 |
| 650 10 - SUBJECT ADDED ENTRY--TOPICAL TERM | |
| Topical term or geographic name entry element | Grids (Typographic design) |
| 9 (RLIN) | 3181 |
| 650 10 - SUBJECT ADDED ENTRY--TOPICAL TERM | |
| Topical term or geographic name entry element | Newspaper layout and typography |
| 9 (RLIN) | 3182 |
| 650 10 - SUBJECT ADDED ENTRY--TOPICAL TERM | |
| Topical term or geographic name entry element | Graphic design (Typography) |
| General subdivision | Awards |
| Geographic subdivision | United States |
| 9 (RLIN) | 3183 |
| 700 1# - ADDED ENTRY--PERSONAL NAME | |
| Relator code | Harris, Paul |q (Paul Arthur), |
| Dates associated with a name | 1971- |
| 9 (RLIN) | 3184 |
| 942 ## - ADDED ENTRY ELEMENTS (KOHA) | |
| Institution code [OBSOLETE] | SADA |
| Koha item type | Book |
| Call number prefix | 686.2252 AMB 2008 |
| Source of classification or shelving scheme | |
| Withdrawn status | Lost status | Source of classification or shelving scheme | Damaged status | Not for loan | Permanent Location | Current Location | Date acquired | Total Checkouts | Total Renewals | Full call number | Barcode | Date last seen | Date last checked out | Cost, replacement price | Price effective from | Koha item type |
|---|---|---|---|---|---|---|---|---|---|---|---|---|---|---|---|---|
| School of Art Design and Architecture (SADA) | School of Art Design and Architecture (SADA) | 04/18/2011 | 3 | 1 | 686.2252 AMB 2008 | SADA0000928 | 03/11/2016 | 02/12/2016 | 2221.00 | 08/05/2011 | Book |
